00325nam a2200121Ia 4500008004100000041000800041082001500049100001800064245004500082260004200127300002500169365000900194240624s9999 xx 000 0 und d aeng a364.1 AND  aANDREAS PETER aSMUGGLER NATION HOW ILLICIT TRADE MADE A c2013aLondonbOxford University Press axiii, 454 p,: 23 cm. cb38